000 00320nam a2200109Ia 4500
008 171211s9999 xx 000 0 und d
245 _aFirst Children's Encyclopedia
245 _cPenny Smith
260 _c2010
650 _xEncyclopedia and Dictionary
856 _uhttp://down.ebook777.com/055/1405352736_0241206766.pdf
999 _c350196
_d350196